<?xml version="1.0" encoding="UTF-8"?>
<record
    xmlns:xsi="http://www.w3.org/2001/XMLSchema-instance"
    xsi:schemaLocation="http://www.loc.gov/MARC21/slim http://www.loc.gov/standards/marcxml/schema/MARC21slim.xsd"
    xmlns="http://www.loc.gov/MARC21/slim">

  <leader>01489nam a22003017a 4500</leader>
  <datafield tag="952" ind1=" " ind2=" ">
    <subfield code="0">0</subfield>
    <subfield code="1">0</subfield>
    <subfield code="4">0</subfield>
    <subfield code="7">0</subfield>
    <subfield code="a">22</subfield>
    <subfield code="b">22</subfield>
    <subfield code="d">2014-10-13</subfield>
    <subfield code="l">1</subfield>
    <subfield code="o">LA422.L37 </subfield>
    <subfield code="p">22 000656</subfield>
    <subfield code="r">2016-02-22</subfield>
    <subfield code="s">2016-02-02</subfield>
    <subfield code="t">1</subfield>
    <subfield code="w">2014-10-13</subfield>
    <subfield code="y">LB</subfield>
  </datafield>
  <datafield tag="952" ind1=" " ind2=" ">
    <subfield code="0">0</subfield>
    <subfield code="1">0</subfield>
    <subfield code="4">0</subfield>
    <subfield code="7">0</subfield>
    <subfield code="a">23</subfield>
    <subfield code="b">23</subfield>
    <subfield code="d">2017-06-21</subfield>
    <subfield code="l">0</subfield>
    <subfield code="o">LA422 L37</subfield>
    <subfield code="p">23 001060</subfield>
    <subfield code="r">2017-06-21</subfield>
    <subfield code="t">1</subfield>
    <subfield code="w">2017-06-21</subfield>
    <subfield code="y">LB</subfield>
  </datafield>
  <datafield tag="952" ind1=" " ind2=" ">
    <subfield code="0">0</subfield>
    <subfield code="1">0</subfield>
    <subfield code="4">0</subfield>
    <subfield code="7">0</subfield>
    <subfield code="a">23</subfield>
    <subfield code="b">23</subfield>
    <subfield code="d">2017-06-21</subfield>
    <subfield code="l">0</subfield>
    <subfield code="o">LA422 L37</subfield>
    <subfield code="p">23 001064</subfield>
    <subfield code="r">2017-06-21</subfield>
    <subfield code="t">2</subfield>
    <subfield code="w">2017-06-21</subfield>
    <subfield code="y">LB</subfield>
  </datafield>
  <datafield tag="952" ind1=" " ind2=" ">
    <subfield code="0">0</subfield>
    <subfield code="1">0</subfield>
    <subfield code="4">0</subfield>
    <subfield code="7">0</subfield>
    <subfield code="a">23</subfield>
    <subfield code="b">23</subfield>
    <subfield code="d">2017-06-21</subfield>
    <subfield code="l">0</subfield>
    <subfield code="o">LA422 L37</subfield>
    <subfield code="p">23 001066</subfield>
    <subfield code="r">2017-06-21</subfield>
    <subfield code="t">3</subfield>
    <subfield code="w">2017-06-21</subfield>
    <subfield code="y">LB</subfield>
  </datafield>
  <datafield tag="952" ind1=" " ind2=" ">
    <subfield code="0">0</subfield>
    <subfield code="1">0</subfield>
    <subfield code="4">0</subfield>
    <subfield code="7">0</subfield>
    <subfield code="a">23</subfield>
    <subfield code="b">23</subfield>
    <subfield code="d">2017-06-28</subfield>
    <subfield code="l">0</subfield>
    <subfield code="o">LA422 L37</subfield>
    <subfield code="p">23 001083</subfield>
    <subfield code="r">2017-06-28</subfield>
    <subfield code="t">4</subfield>
    <subfield code="w">2017-06-28</subfield>
    <subfield code="y">LB</subfield>
  </datafield>
  <datafield tag="999" ind1=" " ind2=" ">
    <subfield code="c">94602</subfield>
    <subfield code="d">94602</subfield>
  </datafield>
  <controlfield tag="005">20231102151739.0</controlfield>
  <controlfield tag="008">141013s2004    mx  |||| |||| 00| 0 s   d</controlfield>
  <datafield tag="020" ind1=" " ind2=" ">
    <subfield code="a">9789681673659</subfield>
  </datafield>
  <datafield tag="050" ind1=" " ind2="4">
    <subfield code="a">LA422</subfield>
    <subfield code="b">L37 </subfield>
  </datafield>
  <datafield tag="100" ind1="1" ind2=" ">
    <subfield code="a"> Latapi Sarre, Pablo</subfield>
    <subfield code="e">autor</subfield>
  </datafield>
  <datafield tag="245" ind1="1" ind2="3">
    <subfield code="a">La SEP por dentro</subfield>
    <subfield code="b">: las pol&#xED;ticas de la Secretar&#xED;a de Educaci&#xF3;n P&#xFA;bl&#xED;ca comentadas por cuatro de sus secretarios (1992-2004) </subfield>
    <subfield code="c">/ Pablo Latap&#xED; Sarre</subfield>
  </datafield>
  <datafield tag="260" ind1="3" ind2=" ">
    <subfield code="a">M&#xE9;xico </subfield>
    <subfield code="b">: Fondo de Cultura Econ&#xF3;mica</subfield>
    <subfield code="c">, 2004</subfield>
  </datafield>
  <datafield tag="300" ind1=" " ind2=" ">
    <subfield code="a">364 p&#xE1;ginas</subfield>
  </datafield>
  <datafield tag="490" ind1="0" ind2=" ">
    <subfield code="a">Educaci&#xF3;n y pedagog&#xED;a</subfield>
  </datafield>
  <datafield tag="500" ind1=" " ind2=" ">
    <subfield code="a">Reimpresiones: 2012</subfield>
  </datafield>
  <datafield tag="504" ind1=" " ind2=" ">
    <subfield code="a">Referencias bibliogr&#xE1;ficas p.357 </subfield>
  </datafield>
  <datafield tag="505" ind1="1" ind2=" ">
    <subfield code="a">El contexto: g&#xE9;nesis, contenidos y pol&#xED;ticas del ANMEB Testimonios
An&#xE1;lisis de la evoluci&#xF3;n de las cuatro pol&#xED;ticas
Conclusiones</subfield>
  </datafield>
  <datafield tag="519" ind1=" " ind2=" ">
    <subfield code="a">Educaci&#xF3;n Mixta / </subfield>
    <subfield code="b">Pedagog&#xED;a / </subfield>
    <subfield code="c">Historia de la Educaci&#xF3;n II (B12-1) /</subfield>
    <subfield code="d">(23 001060)</subfield>
  </datafield>
  <datafield tag="519" ind1=" " ind2=" ">
    <subfield code="a">Educaci&#xF3;n Mixta / </subfield>
    <subfield code="b">Pedagog&#xED;a / </subfield>
    <subfield code="c">Historia de la Educaci&#xF3;n Mexicana (B13-2) /</subfield>
    <subfield code="d">(23 001064)</subfield>
  </datafield>
  <datafield tag="519" ind1=" " ind2=" ">
    <subfield code="a">Educaci&#xF3;n Mixta / </subfield>
    <subfield code="b">Pedagog&#xED;a / </subfield>
    <subfield code="c">Historia de la Educaci&#xF3;n Mexicana (B14-1) /</subfield>
    <subfield code="d">(23 001066)</subfield>
  </datafield>
  <datafield tag="519" ind1=" " ind2=" ">
    <subfield code="a">Educaci&#xF3;n Mixta / </subfield>
    <subfield code="b">Pedagog&#xED;a / </subfield>
    <subfield code="c">Sistema Educativo Mexicano (B19-3) /</subfield>
    <subfield code="d">(23 001083)</subfield>
  </datafield>
  <datafield tag="650" ind1="1" ind2="4">
    <subfield code="a">M&#xC9;XICO. SECRETAR&#xCD;A DE EDUCACI&#xD3;N P&#xDA;BLICA</subfield>
    <subfield code="x">HISTORIA</subfield>
  </datafield>
  <datafield tag="650" ind1="2" ind2="4">
    <subfield code="a">EDUCACI&#xD3;N Y ESTADO</subfield>
    <subfield code="z">M&#xC9;XICO</subfield>
  </datafield>
  <datafield tag="650" ind1="2" ind2="4">
    <subfield code="a">EDUCACI&#xD3;N PRIMARIA</subfield>
    <subfield code="x">HISTORIA</subfield>
    <subfield code="z">M&#xC9;XICO</subfield>
  </datafield>
  <datafield tag="650" ind1="2" ind2="4">
    <subfield code="a">EDUCACI&#xD3;N P&#xDA;BLICA - M&#xC9;XICO - HISTORIA</subfield>
  </datafield>
  <datafield tag="650" ind1="2" ind2="4">
    <subfield code="a">EDUCACI&#xD3;N ELEMENTAL</subfield>
  </datafield>
  <datafield tag="942" ind1=" " ind2=" ">
    <subfield code="c">LB</subfield>
  </datafield>
</record>
